• 首页
  • 本馆介绍
  • 公告通知
  • 最新文献
  • 馆藏检索
  • 电子资源
  • 读者导购
  • 参考咨询
  • 我的图书馆
  • 登录
  • 详细信息显示
  • 放入我的书架
  • 预约/预借图书
  • 作者相关作品
  • 分类相关作品
  • 丛书相关作品
  • 出版社相关作品

书目信息

  • 表格格式
  • 工作单格式
  • 卡片格式
题名:
高分子化学教程
    
 
作者: 江波 主编
分册:  
出版信息: 北京   科学出版社  2019.06
页数: 17, 299页
开本: 26cm
丛书名:
单 册:
中图分类: O63
科图分类:
主题词: 高分子化学--gao fen zi hua xue--高等教育--教材
电子资源:
ISBN: 978-7-03-061613-5
000 00865nam0 2200253 450
001 2033473937
005 20201122095208.27
010    @a978-7-03-061613-5@dCNY69.00
100    @a20200408d2019 em y0chiy50 ea
101 0  @achi
102    @aCN@b110000
105    @aa z 000yy
106    @ar
200 1  @a高分子化学教程@9gao fen zi hua xue jiao cheng@f江波[等]主编
205    @a5版
210    @a北京@c科学出版社@d2019.06
215    @a17, 299页@c图@d26cm
300    @a普通高等教育“十一五”国家规划教材AR新形态教材
330    @a本书共8章,包括绪论、逐步聚合、自由基聚合、自由基共聚合与聚合方法、离子型聚合与配位聚合、活性/可控聚合、聚合物化学反应及天然高分子化学概要。
606 0  @a高分子化学@9gao fen zi hua xue@x高等教育@j教材
690    @aO63@v5
701  0 @a江波@9jiang bo@4主编
801  0 @aCN@bBJSZM@c20201120
905    @b1244200-3@dO63@e106=5@f4
    
    高分子化学教程/江波[等]主编.-5版.-北京:科学出版社,2019.06
    17, 299页:图;26cm
    普通高等教育“十一五”国家规划教材AR新形态教材
    
    ISBN 978-7-03-061613-5:CNY69.00
    本书共8章,包括绪论、逐步聚合、自由基聚合、自由基共聚合与聚合方法、离子型聚合与配位聚合、活性/可控聚合、聚合物化学反应及天然高分子化学概要。
●
相关链接 在E读中查询图书 在五车中查询图书 在当当中查询图书 在豆瓣中查询图书


正题名:高分子化学教程     索取号:O63/106=5         预约/预借

序号 登录号 条形码 馆藏地/架位号 状态 备注
1 1244200   212442007   第二样本阅览室/ [索取号:O63/106=5] 在馆    
2 1244201   212442016   第三借阅区/ [索取号:O63/106=5] 在馆    
3 1244202   212442025   第三借阅区/ [索取号:O63/106=5] 在馆    
4 1244203   212442034   第三借阅区/ [索取号:O63/106=5] 在馆    
唐山师范学院图书馆 欢迎您!
大连网信软件有限公司© 版权所有